| 000 | 00650nam a2200229 a 4500 | ||
|---|---|---|---|
| 999 |
_c2155 _d2155 |
||
| 001 | 2155 | ||
| 003 | BD-JhCC | ||
| 005 | 20181128134017.0 | ||
| 008 | 171030s1990 bg |||| ||a| 001 0 ben d | ||
| 020 | _a9844103126 | ||
| 035 | _a(BD-JhCC)2155 | ||
| 040 |
_aBD-JhCC _dBD-JhCC |
||
| 041 | _aben | ||
| 082 |
_a170 _bBAG 1990 |
||
| 100 | _aবেগম, হাসনা | ||
| 245 |
_aনৈতিকতা, নারী ও সমাজ / _cহাসনা বেগম |
||
| 260 |
_aঢাকা : _bমাওলা ব্রাদার্স, _c1990. |
||
| 300 |
_a106 p. : _c22 cm. |
||
| 650 | _aEthics | ||
| 942 |
_2ddc _cBK _01 |
||